| 000 | 00462nam a2200169Ia 4500 | ||
|---|---|---|---|
| 008 | 230917s9999||||xx |||||||||||||| ||und|| | ||
| 020 | _cRS1990 | ||
| 040 |
_e230108 _aMAIN |
||
| 041 | _aEnglish | ||
| 082 | _a370.1 M687S | ||
| 100 | _aMishra, M K | ||
| 245 | 0 | _aShiksha ke moolltatva, mulyankan evam sankhyaki | |
| 260 |
_aNew Delhi _bArjun Publishing _c2015 |
||
| 300 | _a549 p. | ||
| 500 | _a2241 04/01/2016 HBD15/1351 04/01/2016 Main Budget | ||
| 942 | _cBK | ||
| 999 |
_c17174 _d17174 |
||